[Event "Manaus zt 2.4"]
[Site "Manaus"]
[Date "2013.04.29"]
[Round "4"]
[White "Lima, Marco Antonio do Sa"]
[Black "Andrade, Roberto Luiz Costa"]
[Result "0-1"]
[WhiteElo "1900"]
[BlackElo "2198"]
[PlyCount "72"]
[EventDate "2013.04.27"]
[EventType "swiss"]
[EventRounds "9"]
[EventCountry "BRA"]
[SourceTitle "CBM 154 Extra"]
[Source "ChessBase"]
[SourceDate "2013.06.25"]
[SourceVersion "2"]
[SourceVersionDate "2013.06.25"]
[SourceQuality "1"]

1. e4 c5 2. Nf3 Nc6 3. d4 cxd4 4. Nxd4 e5 5. Nb5 d6 6. N1c3 a6 7. Na3 b5 8. Nd5 Nf6 9. Bg5 Be7 10. Bxf6 Bxf6 11. Be2 0-0 12. 0-0 Nd4 13. c3 Nxe2+ 14. Qxe2 Rb8 15. Rfd1 Bg5 16. Nc2 a5 17. Nce3 g6 18. b3 f5 19. exf5 gxf5 20. Qh5 Rb7 21. c4 b4 22. c5 dxc5 23. Nc4 Rg7 24. Nxb4 Qc7 25. Nd5 Qb8 26. h4 Bd8 27. Qe2 e4 28. Qe3 Bxh4 29. Qxc5 f4 30. Qd6 Qxd6 31. Nxd6 Bh3 32. Nxf4 Rxf4 33. g3 e3 34. Kh2 Rxf2+ 35. Kxh3 Bxg3 36. Ne4 Rh2# 0-1